Województwa i kraje związkowe, przez które przepływa Odra - Statystyki

Ogólne statystyki
  • Ten quiz został rozwiązany 55 razy
    34 od ostatniego zresetowania
  • Średni wynik to 5 z 8
Statystyki odpowiedzi
Państwo Kraj/Województwo % Poprawnych
Polska lubuskie
93%
Polska dolnośląskie
90%
Polska zachodniopomorskie
90%
Polska śląskie
80%
Polska opolskie
70%
Niemcy Brandenburgia
47%
Czechy morawsko-śląski
20%
Czechy ołomuniecki
17%
Nie znaleziono quizów pasujących do podanych kryteriów
Rozkład punktacji
Procent ludzi z każdym wynikiem
Percentyl według liczby udzielonych odpowiedzi
Twoja historia wyników
Nie rozwiązałeś tego quizu od ostatniego zresetowania